01192aasaa2200229 4500999001700000005001700017008004100034022001400075040002500089041000800114044000700122090000700129245007500136260011900211300003400330650007800364650007300442710002800515942001500543952020200558952020200760 c17071d1707120180824085624.0180824s1999 ck u|p|r|||| 00| 0 spa d a0124-0285 aCO-BoIAVHcCO-BoIAVH0 aspa ack aSE00aRECYM : bRevista de la Facultad de Ciencias Naturales y Matemáticas aSan Juan de Pasto (Colombia) : bUniversidad de Nariño. Facultad de Ciencias Naturales y Matemáticas,c[s.f.]. bilustraciones ; c23 x 17 cm.26aCiencias naturalesxInvestigaciónzColombiavPublicaciones periódicas26aMatemáticasxInvestigacioneszColombiavPublicaciones periódicas2 aUniversidad de Nariño cREVISTA2z 00102z40708HEMEROTECAA1999B2C3IINV2017aBogotabBogotad2001-03-22eSamper, CristiánhAño 2, Nro 3 (01/01/1999)l0oSEp008925r2015-03-25 00:00:00tEj. 1w2015-03-25xDonacionyREVISTA 00102z40708HEMEROTECAA2000B3C4IINV2017aBogotabBogotad2001-03-22eSamper, CristiánhAño 3, Nro 4 (01/02/2000)l0oSEp008926r2015-03-25 00:00:00tEj. 1w2015-03-25xDonacionyREVISTA